| 000 | 00961nam a2200253 u 4500 | ||
|---|---|---|---|
| 005 | 20250820063905.0 | ||
| 008 | 171106s2016 mx r 000 0 spa d | ||
| 020 | _a9786078511129 | ||
| 035 | _aUPN01000221439 | ||
| 049 | _aI | ||
| 050 | 4 |
_aQA461 _bU7.8 |
|
| 100 | 1 |
_aUribe Garzón, Sonia Milena _941091 |
|
| 245 | 1 | 0 |
_aTeseladonia : _bTeselaciones para niños : _bel mundo cercano / _cSonia Milenia Uribe Garzón, Oscar Leonardo Cárdenas Forero, James Frank Becerra Martínez. |
| 260 |
_aMéxico : _bNueva Editorial Iztaccíhuatl : _bCooperativa Editorial Magisterio, _c2016. |
||
| 300 |
_a73 p. : _bil., figs., cuadros |
||
| 440 | 0 | _aAula alegre | |
| 650 | 4 |
_aGeometría _xEstudio y enseñanza _919027 |
|
| 650 | 2 |
_aPensamiento lógico _913767 |
|
| 650 | 4 |
_aLibros y lectura para niños _92290 |
|
| 700 | 1 |
_aCárdenas Forero, Oscar Leonardo _ecoaut. _934762 |
|
| 700 | 1 |
_aBecerra Martínez, James Frank, _ecoaut. |
|
| 905 | _aInfantil | ||
| 999 |
_c193536 _d193536 |
||